[Event "SGP-ch 74th"]
[Site "Singapore"]
[Date "2023.02.05"]
[Round "6"]
[White "Vijay, Rege"]
[Black "Gao, Zhenxi Jerry"]
[Result "1-0"]
[WhiteElo "1351"]
[BlackElo "1610"]
[PlyCount "77"]
[EventDate "2023.01.27"]
[EventType "swiss"]
[EventRounds "9"]
[EventCountry "SIN"]
[SourceTitle "EXT 2024"]
[Source "ChessBase"]
[SourceDate "2023.10.10"]
[SourceVersion "1"]
[SourceVersionDate "2023.10.10"]
[SourceQuality "1"]

1. d4 Nf6 2. Bf4 d5 3. e3 c5 4. c3 Nc6 5. Nf3 Nh5 6. Be5 f6 7. Bg3 Nxg3 8. hxg3 Bf5 9. Bd3 Qd7 10. Nh4 Bxd3 11. Qxd3 e5 12. dxc5 e4 13. Qe2 Ne5 14. g4 Bxc5 15. f3 0-0-0 16. Nd2 g5 17. Nf5 h5 18. 0-0-0 hxg4 19. Rxh8 Nd3+ 20. Kb1 Rxh8 21. fxe4 dxe4 22. Nxe4 Qxf5 23. Qxd3 Kb8 24. Rf1 Qe5 25. Nxc5 Qxc5 26. Rxf6 Qe7 27. Qd6+ Qxd6 28. Rxd6 Re8 29. Rd3 Rf8 30. Rd2 Kc7 31. Kc2 g3 32. e4 Rf4 33. Kd3 Kd6 34. Ke3+ Ke6 35. a4 a5 36. b4 axb4 37. cxb4 Ke5 38. Rd5+ Kf6 39. Rf5+ 1-0

[Event "SGP-ch 74th"]
[Site "Singapore"]
[Date "2023.02.04"]
[Round "5"]
[White "Cheong, Su Lyn"]
[Black "Gao, Zhenxi Jerry"]
[Result "1-0"]
[WhiteElo "1700"]
[BlackElo "1610"]
[PlyCount "91"]
[EventDate "2023.01.27"]
[EventType "swiss"]
[EventRounds "9"]
[EventCountry "SIN"]
[SourceTitle "CBM 212 Extra"]
[Source "ChessBase"]
[SourceDate "2023.03.31"]
[SourceVersion "1"]
[SourceVersionDate "2023.03.31"]
[SourceQuality "1"]

1. d4 Nf6 2. c4 e6 3. Nf3 Bb4+ 4. Bd2 Bxd2+ 5. Qxd2 0-0 6. Nc3 d5 7. g3 c6 8. Bg2 Nbd7 9. Qd3 a6 10. e4 dxc4 11. Qxc4 Qc7 12. 0-0 b5 13. Qd3 Bb7 14. e5 Nd5 15. Ng5 g6 16. Rac1 Qb6 17. Rfd1 Rad8 18. Nxd5 cxd5 19. h4 Rc8 20. h5 Kg7 21. hxg6 hxg6 22. Nh3 Rxc1 23. Rxc1 Rc8 24. Rxc8 Bxc8 25. Nf4 Qc6 26. Bh3 Nb6 27. Qa3 Qc7 28. Qf3 Qc1+ 29. Kg2 Qxb2 30. Nxg6 fxg6 31. Qf6+ Kh7 32. Qe7+ Kh6 33. Qh4+ Kg7 34. Qe7+ Kh6 35. Qd8 Kg7 36. Qxb6 Qc2 37. Bxe6 Bxe6 38. Qxe6 Qe4+ 39. Kg1 Qe1+ 40. Kg2 Qe4+ 41. Kh2 Qxd4 42. Qf6+ Kh7 43. Qf7+ Kh8 44. Qf8+ Kh7 45. e6 Qe5 46. e7 1-0

[Event "Tanglin op"]
[Site "Singapore"]
[Date "2022.05.30"]
[Round "4"]
[White "Gao, Zhenxi Jerry"]
[Black "Chia, Yu Zhe Ashton"]
[Result "0-1"]
[WhiteElo "1475"]
[BlackElo "1891"]
[PlyCount "86"]
[EventDate "2022.05.28"]
[EventType "swiss"]
[EventRounds "9"]
[EventCountry "SIN"]
[SourceTitle "CBM 208 Extra"]
[Source "ChessBase"]
[SourceDate "2022.07.31"]
[SourceVersion "1"]
[SourceVersionDate "2022.07.31"]
[SourceQuality "1"]

1. d4 Nf6 2. c4 e6 3. Nf3 b6 4. g3 Ba6 5. Qc2 c5 6. Bg2 Nc6 7. d5 exd5 8. cxd5 Nxd5 9. 0-0 Be7 10. a3 0-0 11. Rd1 Nf6 12. e4 Rc8 13. Nc3 Ng4 14. Qa4 Bb7 15. Bf4 Qe8 16. Rd2 a6 17. Qd1 Na5 18. Rxd7 Bc6 19. Ra7 c4 20. h3 Nf6 21. Nd5 Bxd5 22. exd5 Bc5 23. d6 Qb5 24. d7 Rcd8 25. Ne5 Qxb2 26. Rb1 Qxf2+ 27. Kh1 Be3 28. Bxe3 Qxe3 29. Qd6 Ne4 30. Qe7 Nxg3+ 31. Kh2 Nf5 32. Qb4 Qxe5+ 33. Kh1 Ng3+ 34. Kh2 c3 35. Qa4 Ne2+ 36. Kh1 Nf4 37. Be4 Nxh3 38. Rf1 Qg3 39. Qc2 Ng5 40. Bd5 Qh3+ 41. Kg1 Rxd7 42. Rxd7 Qxd7 43. Bg2 Qd2 0-1

[Event "Tanglin op"]
[Site "Singapore"]
[Date "2022.05.29"]
[Round "2"]
[White "Gao, Zhenxi Jerry"]
[Black "Motty, Kuriakose Mathew"]
[Result "1-0"]
[WhiteElo "1475"]
[BlackElo "1106"]
[PlyCount "107"]
[EventDate "2022.05.28"]
[EventType "swiss"]
[EventRounds "9"]
[EventCountry "SIN"]
[SourceTitle "CBM 208 Extra"]
[Source "ChessBase"]
[SourceDate "2022.07.31"]
[SourceVersion "1"]
[SourceVersionDate "2022.07.31"]
[SourceQuality "1"]

1. Nf3 d5 2. c4 c6 3. d4 Nf6 4. Nc3 Bf5 5. e3 e6 6. h3 h6 7. Be2 Be7 8. 0-0 0-0 9. b3 Nbd7 10. Bb2 Bh7 11. Rc1 dxc4 12. bxc4 Re8 13. Bd3 Bxd3 14. Qxd3 Rc8 15. Rfd1 Nb6 16. e4 Bf8 17. e5 Nfd7 18. Ne4 Be7 19. Qb3 Rc7 20. a4 Nc8 21. Ba3 Bxa3 22. Qxa3 Qe7 23. Nd6 Rd8 24. Rb1 b6 25. c5 Qf8 26. Qe3 Ne7 27. Rdc1 Nd5 28. Qe4 Rb8 29. Qc2 bxc5 30. dxc5 Nb4 31. Qc4 a5 32. Rc3 Qe7 33. Rcb3 Kh8 34. Rc1 Nf8 35. h4 Ra7 36. Qf4 Kg8 37. Qe4 Rc7 38. Ne1 Nd7 39. Rf3 Rf8 40. g3 Nb8 41. Nd3 Nxd3 42. Qxd3 Nd7 43. Qe4 Nb8 44. Rb1 Na6 45. Qc4 Nb4 46. Ne4 Rb7 47. Nf6+ Kh8 48. Qe4 g6 49. h5 Kg7 50. Kg2 Qxc5 51. hxg6 fxg6 52. Rh1 Qe7 53. Rxh6 Rh8 54. Qxg6+ 1-0